000
00291nam a22000977a 4500
008
171023b xxu||||| |||| 00| 0 eng d
100
_a
Rothschild, Sigmund
245
_a
The ABC stamp book and album
260
_a
New York
_b
Platt & Munk Co.
_c
1933
650
_a
Collecting -- Arrangement and Mounting
999
_c
2529
_d
2529